000 00835nam a2200289Ia 4500
003 OSt
005 20221007125512.0
006 a|||||r|||| 00| 0
007 ta
008 221006b |||||||| |||| 00| 0 eng d
020 _a3540200975 (pbk)
024 _a1670
037 _cTextual
040 _aCDL
_cCDL
_beng
041 _2eng
_aeng
082 _aE9G,5, P4 Carc
100 _aFaber Kurt
_9579766
245 0 _aBiotransformations in organic chemistry: a textbook
250 _a5
260 _aBerlin
_bSpringer-Verlag
_c2004
300 _axi,454p.
_ccm.
500 _aIncludes bibliographical references; Appendix 419-436p.; Index 437-454p.
650 _a Organic Chemistry
650 _aBiochemistry
942 _hE9G,5, P4 Carc
_cTEXL
_2CC
999 _c1215405
_d1215405